000 00276nam a22001217a 4500
008 170503b xxu||||| |||| 00| 0 eng d
041 _aeng
080 _a341
100 _a13
101 _aSHJ
245 _aINTERNATIONAL LAW AND WORLD ORDER
_cWESTON.B.H
942 _2udc
_cBK
999 _c12536
_d12536